| 000 | 00920namaa2200289 a 4500 | ||
|---|---|---|---|
| 001 | vtls001303913 | ||
| 003 | NLI | ||
| 005 | 20210627043915.0 | ||
| 008 | 120418s1982 dcu i000 0 eng | ||
| 039 | 9 |
_y201204181930 _zVLOAD |
|
| 040 | 0 |
_aNLI _cVTLS-2012_FOD _eAACR2 |
|
| 041 | 0 | _aeng | |
| 044 | _adcu | ||
| 082 | 0 | 4 | _a001.3 |
| 110 | 1 |
_aUnited States. _bNational Endowment for the Humanities _9723572 |
|
| 245 | 1 | 0 |
_aApplication for 1982 summer humanities seminars : _bfor teachers in law school and medical and health care school |
| 260 |
_aWashington, D.C. : _bUnited States Government Printing Office, _c1982 |
||
| 300 |
_aVariuos pagings ; _c27 cm. |
||
| 500 | _aNEH | ||
| 650 | 0 |
_aHumanities _9725765 |
|
| 650 | 0 |
_aConduct of life _9677168 |
|
| 887 | _a | ||
| 901 |
_aAD 130293 _b23.10.2010 |
||
| 902 | _aU.S 001.3 Un 3 a | ||
| 949 |
_AVIRTUAITEM _D10000 _X100 _6ADX000130293ENG |
||
| 942 |
_2ddc _cBKS |
||
| 999 |
_c596393 _d596393 |
||